| 000 | 00388nam a2200145Ia 4500 | ||
|---|---|---|---|
| 003 | GCL | ||
| 008 | 140319s9999 xx 000 0 eng d | ||
| 040 |
_aGCL / _cGCL |
||
| 082 | 0 | 4 |
_a420.7 _bB E |
| 245 | 1 | 0 | _aENGLISH LANGUAGE: ENTRANCE REQUIREMENTS IN BRITISH EDUCATIONAL INSTITUTIONS |
| 260 |
_a[S.N] : _bHMSO ، _c1991 |
||
| 300 | _a95P | ||
| 650 | 0 | 4 | _aBRITISH COUNCIL |
| 942 |
_2ddc _cBK |
||
| 999 |
_c12364 _d12364 |
||